000 00498nam a2200181 i 4500
001 76488
003 ES-MaACL
005 20250716062620.0
007 t|
008 041001s1928 fr ||||1| fre d
100 1 _aGuimbaud, Louis.
_960841
245 1 4 _aLes orientales de Victor Hugo /
_cLouis Guimbaud.
260 _aAmiens :
_b[s.n.,
_c1928] (
_fF. Paillart)
300 _a161 p. ;
_c19 cm.
700 1 _aHugo, Victor,
_d1802-1885
_964627
852 _aES-MaACL
_jA-3046
999 _c76488
_d76488